<?xml version="1.0" encoding="UTF-8"?>
<marc:record xmlns:marc="http://www.loc.gov/MARC21/slim">
   <marc:leader>00000nam a2200000 a 4500</marc:leader>
   <marc:datafield ind1="1" ind2=" " tag="100">
      <marc:subfield code="a">Giordano, Mario</marc:subfield>
      <marc:subfield code="4">aut</marc:subfield>
      <marc:subfield code="e">Verfasser/-in</marc:subfield>
   </marc:datafield>
   <marc:datafield ind1="0" ind2="0" tag="245">
      <marc:subfield code="a">Apocalypsis</marc:subfield>
   </marc:datafield>
   <marc:datafield ind1="0" ind2="0" tag="245">
      <marc:subfield code="c">Mario Giordano</marc:subfield>
   </marc:datafield>
   <marc:datafield ind1=" " ind2="1" tag="264">
      <marc:subfield code="a">Köln</marc:subfield>
      <marc:subfield code="b">Bastei Lübbe Taschenbuch</marc:subfield>
      <marc:subfield code="c">2014</marc:subfield>
   </marc:datafield>
   <marc:datafield ind1=" " ind2=" " tag="250">
      <marc:subfield code="a">1. Aufl.</marc:subfield>
   </marc:datafield>
   <marc:datafield ind1="1" ind2=" " tag="520">
      <marc:subfield code="a">Angaben aus der Verlagsmeldung

Apocalypsis III : Thriller / von Mario Giordano

Auf einem Schiff, das dem Tsunami zum Opfer gefallen ist und herrenlos im Meer treibt, entdecken Fischer einen kleinen traumatisierten Jungen. Wenig später wird die Mannschaft tot an Bord gefunden. Brutal ermordet. An den Wänden rätselhafte
Schriftzeichen mit Blut. Keine Spur von dem kleinen Jungen. Ist das Böse nun auf den Weg in die Welt? Und schafft Peter Adam es, die Apokalypse zu verhindern?
</marc:subfield>
   </marc:datafield>
   <marc:datafield ind1=" " ind2=" " tag="020">
      <marc:subfield code="a">9783404168309</marc:subfield>
      <marc:subfield code="9">9783404168309</marc:subfield>
   </marc:datafield>
   <marc:datafield ind1=" " ind2=" " tag="020">
      <marc:subfield code="a">3404168305</marc:subfield>
      <marc:subfield code="9">3404168305</marc:subfield>
   </marc:datafield>
   <marc:datafield ind1=" " ind2=" " tag="300">
      <marc:subfield code="a">573 S.</marc:subfield>
   </marc:datafield>
</marc:record>
